00885nam a22002297a 4500003000400000005001700004008004100021020003000062040003100092050001700123245012300140260005800263300004800321336002400369337002800393338002500421504005100446650006500497700003900562700002700601700002700628OSt20250516101838.0250326b |||||||| |||| 00| 0 eng d a9780199286546 (hardcover) aNUSTbengcNUSTdNUSTerda aREF JA71 OXF aThe Oxford handbook of political methodology / cedited by Janet M Box-Steffensmeier, Henry E Brady and David Collier. aOxford ; New York : bOxford University Press,c2008. axiii, 880 pages : bIllustrations ;c26 cm. 2rdamediaatextbtxt 2rdamediaaunmediatedbn 2rdamediaavolumebnc aIncludes bibliographical references and index. vPolitical science -- Methodology -- Handbooks, manuals, etc. aBox-Steffensmeier, Janet MeEditor aBrady, Henry EeEditor aCollier, DavideEditor